LEADER 00933nem0 2200289 450 001 9910222059703321 005 20171031110002.0 100 $a20170704d1991----km y0itay50 ba 101 0 $ager 102 $aDE 120 $ab aa 121 $aa aabb 123 1 $aa$b1:2500000$de0063000$ee0160000$fn0482000$gn0420000 200 1 $a<>Alpen$bDocumento cartografico$eVerkehrsinfarkt und Ski total 206 $a1:2500000 (E6°30'-E16°/N48°20'-N42°) 210 $aBerlin$cCornelsen & Schroedel$d1991 215 $a1 c.$ccolor.$dsu foglio 118, 5 x 87 cm ripieg. 30 x 22 cm$e1 fasc. (16 p.) 225 1 $a<>Aktuelle JRO Landkarte$v1991, 3 300 $aContiene grafici e legende 610 0 $aAlpi$aCarte 801 0$aIT$bUNINA$gRICA$2UNIMARC 901 $aMP 912 $a9910222059703321 952 $aFF Per. 403(1991, 3)$bIst. s.i.$fILFGE 959 $aILFGE 996 $aAlpen$91494286 997 $aUNINA